Guess the Kpop Group by one Member - Statistics

General Stats
  • This quiz has been taken 106 times
    53 since last reset
  • The average score is 14 of 16
Answer Stats
Picture Hint Answer % Correct
Name of the idol : Jimin BTS
100%
Name of the idol : Han Stray Kids
100%
Name of the idol : Giselle Aespa
98%
Name of the idol : Wooyoung Ateez
98%
Name of the idol : Sunghoon Enhypen
98%
Name of the idol : Haerin New Jeans
98%
Name of the idol : Soobin TXT / Tommorow X Together
98%
Name of the idol : Chaeryeong Itzy
96%
Name of the idol : Momo Twice
96%
Name of the idol : Rami Baby Monster
93%
Name of the idol : Rei IVE
93%
Name of the idol : Yunah ILLIT
91%
Name of the idol : Irene Red Velvet
91%
Name of the idol : Haewon NMIXX
87%
Name of the idol : Seunghan Riize
76%
Name of the idol : Jiseok Big Ocean
18%
No matching quizzes found
Score Distribution
Percent of People with Each Score
Percentile by Number Answered
Your Score History
You have not taken this quiz since the last reset